00704nam a2200181 a 450000100100000000500170001000800410002704000250006808200140009310000250010724500730013226000470020530000210025249000200027383000270029395201850032099900170050500003471020200930073845.0111019s1971 ve 000 0 spa d aDO-SdBNPbspacBNPHU axxxbZ41l1 aZea, Leopoldo92326410aLatinoamérica :bemancipación y neocolonialismo /cLeopoldo Zea. aCaracas, Venezuela :bTiempo Nuevo,c1971. a192 p. ;c19 cm.1 aFuegos cruzados 0aFuegos cruzados960167 001050718MOaGRbGRcCTd2011-10-19iLF1l0oxxx Z41lp34710-10r2020-06-25w2020-06-25y1zPerteneció a la biblioteca personal de Juan Isidro Jimenes- GrullónZNo se presta c34201d34201